Wordt geladen...
Art and science of carnatic music /
| Andere auteurs: | |
|---|---|
| Formaat: | Printed Book |
| Gepubliceerd in: |
Chennai:
Parampara,
1999.
|
| Onderwerpen: |
| LEADER | 00525cam a2200169ua 4500 | ||
|---|---|---|---|
| 008 | 110531t1999||||||||||| 00 ||||| c | ||
| 082 | |a 780.954 8 |b VID/A | ||
| 245 | 0 | 2 | |a Art and science of carnatic music / |
| 260 | |a Chennai: |b Parampara, |c 1999. | ||
| 300 | |a 216p.. | ||
| 362 | 1 | |a 1999. | |
| 650 | |a Carnatic music | ||
| 650 | 0 | |a Music | |
| 700 | 0 | 2 | |a Vidya Shankar, |
| 942 | |c BK | ||
| 999 | |c 25613 |d 25613 | ||
| 952 | |0 0 |1 0 |4 0 |6 780_954000000000000_8_VID |7 0 |9 27304 |a KUCL |b KUCL |d 2014-05-23 |l 0 |o 780.954 8 VID/ |p 26266 |r 2014-05-23 |w 2014-05-23 |y BK | ||